000
00251nam a2200097Ia 4500
001
815886
005
20250826171705.0
008
250824s9999 xx 000 0 und d
245
0
_a
DÜNYANIN ON DÖRT GÜNÜ
_c
ASLI ETİ
260
_b
KIRMIZI KEDİ YAYINLARI
999
_c
815886
_d
815886